000 01207nam0a22002651 4500
001 rc\1000865
005 20250622072934.0
035 _a(NLR Aleph) 006167193
090 _a5925771
_c5925771
100 _a20041129d1981 |||y0rusy50 ca
101 0 _arus
102 _aRU
105 _aa |||||||||
200 1 _aСовершенствование технологии нетканых материалов и разработка нового ассортимента
_eСб. науч. тр.
_fМ-во лег. пром-сти СССР, ВНИИ нетканых текст. материалов (ВНИИНТМ)
_gПод ред. к. т. н. Ю.П. Назарова и к. э. н. В.И. Рыбаковой
210 _aМ.
_cЦНИИТЭИлегпром
_d1981
215 _a68 с.
_cил.
_d22
320 _aБиблиогр. в конце статей
702 1 _4340
_aНазаров
_bЮ. П.
_cканд. техн. наук
_gЮрий Петрович
_9215594
_3RU\NLR\AUTH\770215650
712 0 2 _aВНИИ нетканых текстильных материалов
801 0 _aRU
_bNLR
_gpsbo
801 1 _aRU
_bELAR
_2rusmarc
852 _aNLR
_j82-6/82
942 _cBOOK
980 _aNB